00827nac a22002051u 4500010001600000020001500016082001600031090001500047100003400062245007000096246002300166260011100189300008100300500002000381650004400401650003900445942001800484999001500502952010400517 a 96075756 a1568848188 a005.1bH622 c4452d4452 aHeywood, Drew. 10aNovell's guide to integrating NetWare and TCP/IP /cDrew Heywood.3 aNetWare and TCP/IP aSan Jose, CA :bNovell Press ;aFoster City, CA :bDistributed in the U.S. by IDG Books Worldwide,cc1996. axxxiv, 556 p. :bill. ;c23 cm. +e1 computer laser optical disc (4 3/4 in.) aIncludes index. 0aLocal area networks (Computer networks) 0aTCP/IP (Computer network protocol) cBBk005.1H622 c4452d4452 00104070aMAINbMAINcLOWd2006-09-07ePurchasel0o005.1 HEYp000005419r2025-07-15 00:00:00yBB